Measuring the Income and Payroll Tax Burden with Emphasis on the Effective Marginal Tax Rate

Daň z príjmov a daň z miezd - meranie daňovej záťaže na slovenskom pracovnom trhu. Efektívna marginálna daňová sadzba. Pasca nezamestnanosti, pasca nečinnosti a pasca nízkych príjmov na Slovensku v období 2001-2016.

Gespeichert in:
Bibliographische Detailangaben
1. Verfasser: Rievajová, Eva
Weitere Verfasser: Kovárová, Alžbeta, Přívara, Andrej, 1983-
Format: Buchkapitel
Sprache:Englisch
Schlagworte:
Tags: Tag hinzufügen
Keine Tags, Fügen Sie das erste Tag hinzu!

MARC

LEADER 00000naa a2200000 4500
001 0251153
005 20240502092634.9
041 0 |a eng 
044 |a CZ 
245 1 0 |a Measuring the Income and Payroll Tax Burden with Emphasis on the Effective Marginal Tax Rate  |c Eva Rievajová, Alžbeta Kovárová, Andrej Přívara 
520 |a Daň z príjmov a daň z miezd - meranie daňovej záťaže na slovenskom pracovnom trhu. Efektívna marginálna daňová sadzba. Pasca nezamestnanosti, pasca nečinnosti a pasca nízkych príjmov na Slovensku v období 2001-2016. 
610 2 0 |a trh práce 
610 2 0 |a dane 
610 2 0 |a dane zo mzdy 
610 2 0 |a dane z príjmov 
610 2 0 |a mzdy 
610 2 0 |a príjmy 
610 2 0 |a zdaňovanie 
610 2 0 |a miera zdanenia 
610 2 0 |a sadzby daňové 
610 2 0 |a nezamestnanosť 
610 2 0 |a Slovensko 
100 1 |a Rievajová, Eva 
700 1 |a Kovárová, Alžbeta 
700 1 |a Přívara, Andrej, 1983-